| 000 | 01174nam a2200277 i 4500 | ||
|---|---|---|---|
| 001 | 186790 | ||
| 003 | SpMaBN | ||
| 005 | 20251011063202.0 | ||
| 008 | 170215s2015 sp fo |||| |dspa d | ||
| 080 | _a94(=924:460)"19" | ||
| 080 | _a94(=411.16:4)"19" | ||
| 100 | 1 |
_aLisbona, José Antonio, _d1961- _9161746 |
|
| 245 | 1 | 0 |
_aMás allá del deber _b: la respuesta humanitaria del Servicio Exterior frente al Holocausto / _cJosé Antonio Lisbona. |
| 260 |
_a[Madrid] : _bMinisterio de Asuntos Exteriores y de Cooperación, Secretaría General Técnica, _c2015. |
||
| 300 |
_a476 p., [20] p. de lám. col. y n. ; _c23 cm. |
||
| 500 | _aÍndice onomástico. | ||
| 504 | _aBibliografía: p. 421-461. | ||
| 650 | 7 |
_aJudíos- _zEspaña- _xHistoria- _yS.XX. _9161747 |
|
| 650 | 7 |
_aJudíos- _zEuropa- _xHistoria- _yS.XX. _9161748 |
|
| 710 | 1 |
_aEspaña. _bMinisterio de Asuntos Exteriores y de Cooperación. _93847 |
|
| 852 |
_aES-MaACL _jA-14036 _9 193847 _bR.151330 _cDEPO1 _dOlim: N-7036 _hDonación: Real Academia Española |
||
| 914 |
_96336 _aReal Academia Española _ednr |
||
| 942 |
_2udc _cMONOGRAFIA |
||
| 999 |
_c186790 _d186790 |
||